Top 10 Länder mit der höchsten Anzahl registrierter Spieler - Statistiken

Allgemein
  • Dieses Quiz wurde 128 mal gespielt
  • Das Durchschnittsergebnis liegt bei 8 aus 10
Antwortstatistiken
# Land % Korrekt
6,309,000 Deutschland
100%
1,795,000 Frankreich
97%
1,514,000 Italien
96%
4,187,000 Vereinigte Staaten
94%
2,142,000 Brasilien
92%
1,486,000 England
86%
1,045,000 Japan
69%
1,139,000 Niederlande
63%
866,000 Kanada
62%
1,469,000 Südafrika
12%
Keine übereinstimmenden Quizze gefunden
Verteilung der Resultate
Anzahl Personen mit jedem Resultat
Perzentil nach korrekt beantworteten Fragen
Ihre Resultats-Entwicklung
Sie haben dieses Quiz noch nicht gespielt